| 000 | 00758nam a2200229 a 4500 | ||
|---|---|---|---|
| 001 | BRCA_8009 | ||
| 005 | 20190320210108.0 | ||
| 008 | 180314s1970----enka###f##---#000-0#eng-# | ||
| 041 | _aeng | ||
| 044 | _aenk | ||
| 050 | 4 |
_aND813 _b.M8 _c1970 |
|
| 100 | 1 |
_aMuller, Priscila E. _919890 |
|
| 245 | 1 | 0 |
_aGoya´s the family of Charles IV _ban interpretation _cPriscila E. Muller. |
| 260 |
_aEngland _bHillindong Press _c1970 |
||
| 300 |
_a1 v. (paginación variada) _bil. _c30 cm. |
||
| 500 | _a3137 | ||
| 520 | 3 | _aBreve interpretación de las pinturas de Goya que conservaban los familiares de Carlos IV | |
| 600 | 1 | 4 |
_aGoya y Lucientes, Francisco José de _919891 |
| 650 | 1 | 4 |
_aPintores _vColecciones y coleccionistas _919892 |
| 902 | _aGFM | ||
| 942 |
_2lcc _cB |
||
| 999 |
_c7678 _d7678 |
||